Normal view
MARC view
- NOUMAN, FAHAD NAWAZ, HAFIZ MUHAMMAD REHAN
Entry Personal Name
001 - CONTROL NUMBER
- control field: 72480
003 - CONTROL NUMBER IDENTIFIER
- control field: NUST
005 - DATE AND TIME OF LATEST TRANSACTION
- control field: 20210628204814.0
008 - FIXED-LENGTH DATA ELEMENTS
- fixed length control field: 210628|| aca||aabn | a|a d
040 ## - CATALOGING SOURCE
- Original cataloging agency: NUST
- Transcribing agency: NUST
100 ## - HEADING--PERSONAL NAME
- Personal name: NOUMAN, FAHAD NAWAZ, HAFIZ MUHAMMAD REHAN
670 ## - SOURCE DATA FOUND
- Source citation: Work cat.: (NUST): NOUMAN, FAHAD NAWAZ, HAFIZ MUHAMMAD REHAN, PR-SOF-1198-DIGITIZATION OF UNIVERSAL TEST BENCH FOR TURBO SHAFT JET ENGINES l, 2012
